00894nam a2200241 a 4500999001500000001000600015003000900021005001700030008004100047020002500088020002200113040003500135082002100170245009100191260003900282300004600321504003900367526000800406650005000414650005700464942001200521952011900533 c2390d239019053BD-DhUAP20200224103652.0200224s2009 enkabe b 001 0 eng d a9780500514993 (hbk.) a0500514992 (hbk.) aUKMcUKMdBWKUKdBD-DhUAPbEng04223a712.0922 HAR00aHargreaves :bthe alchemy of landscape architecture /cGeorge Hargreaves ... [et al.]. aLondon :bThames & Hudson,cc2009. a293 pages :billustrations ;c24 x 32 cm. aIncludes bibliographies and index. aARC 0aLandscape architecturezGreat Britain.932145 0aLandscape architectural firmszGreat Britain.932146 2ddccBK 00102ddc4070aUAPCLbUAPCLcGeneral Stacksd2020-02-24o712.0922 HARp3010019053r2020-02-24t1w2020-02-24yBK